Belső kommunikáció egy vendéglátóipari egység vizsgálatával

Bibliographic Details
Main Author: Orbán Viktória
Other Authors: Békési Gábor György
Format: Project work
Kulcsszavak:belső kommunikáció fejlesztése
csapatépítés
szervezeti kommunikáció
vállalati kommunikáció
vendéglátóipar
Online Access:http://dolgozattar.uni-bge.hu/59948

MARC

LEADER 00000nnm a2200000 i 4500
001 dolg59948
005 20260409145802.0
008 260409suuuu hu o 000 hun d
040 |a BGE Dolgozattár Repozitórium  |b hun 
041 |a hu 
100 1 |a Orbán Viktória 
245 1 0 |a Belső kommunikáció egy vendéglátóipari egység vizsgálatával  |c Orbán Viktória  |h [elektronikus dokumentum] 
516 |a Project_work 
520 3 |a Dolgozatom központi témája a belső kommunikáció vizsgálata, amelyet egy vendéglátóipari egység példáján keresztül elemeztem. Kutatásom célja az volt, hogy feltárjam, a vállalaton belül mely kommunikációs folyamatok működnek jól, és mely területeken lenne szükség fejlesztésre. A vizsgálathoz mélyinterjú módszert alkalmaztam. Kérdéseket tettem fel az üzletvezetőnek és egy munkavállalónak, hogy átfogó képet kapjak a belső kommunikációs stratégiáikról és gyakorlatukról. Az interjúk eredményei alapján fejlesztési javaslatokat dolgoztam ki, többek között a csapatdinamika erősítésére, egy rendszeres értékelési rendszer bevezetésére, valamint egy átláthatóbb kommunikációs struktúra kialakítására. 
695 |a belső kommunikáció fejlesztése 
695 |a csapatépítés 
695 |a szervezeti kommunikáció 
695 |a vállalati kommunikáció 
695 |a vendéglátóipar 
700 1 |a Békési Gábor György  |e ths 
856 4 0 |u http://dolgozattar.uni-bge.hu/59948/1/Bels%C5%91%20kommunik%C3%A1ci%C3%B3%20egy%20vend%C3%A9gl%C3%A1t%C3%B3ipari%20egys%C3%A9g%20vizsg%C3%A1lat%C3%A1val.pdf  |z Dokumentum-elérés 
856 4 0 |u http://dolgozattar.uni-bge.hu/59948/2/Biralat_Orb%C3%A1n%20Vikt%C3%B3ria.pdf  |z Dokumentum-elérés